[Event "19th Open A"]
[Site "Zadar"]
[Date "2012.12.21"]
[Round "8.6"]
[White "Jovanic, Ognjen"]
[Black "Jovanovic, Zoran"]
[Result "1/2-1/2"]
[WhiteElo "2538"]
[BlackElo "2503"]
[PlyCount "118"]
[EventDate "2012.12.16"]
[EventRounds "9"]
[EventCountry "CRO"]
[Source "crochess.com"]
[SourceDate "2012.12.22"]

1. d4 Nf6 2. c4 g6 3. Nc3 Bg7 4. e4 d6 5. Bd3 O-O 6. Nge2 c6 7. O-O a6 8. h3 b5
9. Be3 bxc4 10. Bxc4 d5 11. Bd3 dxe4 12. Nxe4 Nd5 13. Bg5 h6 14. Bd2 a5 15. Qc1
Kh7 16. Nc5 Nd7 17. a3 a4 18. Re1 Qb6 19. Rb1 Rd8 20. b4 axb3 21. Rxb3 Qc7 22.
h4 Nxc5 23. Qxc5 Qd6 24. Qxd6 Rxd6 25. h5 Bf5 26. hxg6+ Bxg6 27. Bxg6+ Kxg6 28.
Nf4+ Nxf4 29. Bxf4 Rd7 30. Be5 f6 31. Bf4 Rxd4 32. Be3 Rc4 33. Rd1 e5 34. Rd7
Bf8 35. Rc7 Bd6 36. Rd7 Bxa3 37. Ba7 Bc1 38. Rbb7 Kf5 39. Rbc7 h5 40. Rd6 Ba3
41. Rd3 Bc1 42. Rd6 h4 43. Rdxc6 Rxc6 44. Rxc6 Bf4 45. Rc7 e4 46. Rh7 Rc8 47.
Be3 Bxe3 48. fxe3 Rc1+ 49. Kf2 Rh1 50. Rh8 Kg6 51. Re8 f5 52. Rh8 Kf6 53. Rh5
Ke6 54. Rh8 Kd5 55. Rd8+ Ke6 56. Rh8 Rc1 57. Rxh4 Rc2+ 58. Kf1 Kd5 59. g4 fxg4
1/2-1/2

[Event "19th Open A"]
[Site "Zadar"]
[Date "2012.12.21"]
[Round "8.7"]
[White "Lalic, Bogdan"]
[Black "Zelcic, Robert"]
[Result "1/2-1/2"]
[WhiteElo "2484"]
[BlackElo "2560"]
[PlyCount "20"]
[EventDate "2012.12.16"]
[EventRounds "9"]
[EventCountry "CRO"]
[Source "crochess.com"]
[SourceDate "2012.12.22"]

1. d4 d5 2. c4 e6 3. Nf3 c5 4. cxd5 exd5 5. g3 Nc6 6. Bg2 Nf6 7. O-O Be7 8. Nc3
O-O 9. dxc5 Bxc5 10. Bg5 d4 1/2-1/2

[Event "19th Open A"]
[Site "Zadar"]
[Date "2012.12.21"]
[Round "8.9"]
[White "Kuljasevic, Davorin"]
[Black "Kreisl, Robert"]
[Result "1-0"]
[WhiteElo "2561"]
[BlackElo "2419"]
[PlyCount "103"]
[EventDate "2012.12.16"]
[EventRounds "9"]
[EventCountry "CRO"]
[Source "crochess.com"]
[SourceDate "2012.12.22"]

1. d4 d5 2. c4 c6 3. Nf3 Nf6 4. e3 Bf5 5. Nc3 e6 6. Nh4 Be4 7. f3 Bg6 8. Qb3
Qb6 9. Nxg6 hxg6 10. Bd2 Nbd7 11. O-O-O Qxb3 12. axb3 Bd6 13. h3 Nh5 14. Bd3
Ng3 15. Rhe1 a6 16. Kc2 O-O 17. e4 dxe4 18. fxe4 e5 19. d5 Bc5 20. Ne2 Nxe2 21.
Rxe2 Bd4 22. b4 f5 23. Rf1 cxd5 24. cxd5 fxe4 25. Rxf8+ Rxf8 26. Bxe4 Nf6 27.
Bxg6 Nxd5 28. Be4 Rd8 29. Kb3 b6 30. Be1 Nf6 31. Bb7 a5 32. bxa5 bxa5 33. Bc6
Rc8 34. Bb5 Nd5 35. Bxa5 Rb8 36. Ka4 Nb6+ 37. Bxb6 Rxb6 38. b4 Kf8 39. Bd3 Bc3
40. b5 Bd4 41. Kb4 Ke7 42. Kc4 Rf6 43. Ra2 Kd7 44. Ra8 Rf2 45. Be4 Rf1 46. Rg8
Rc1+ 47. Kb4 Bc5+ 48. Kb3 Re1 49. Rxg7+ Kd8 50. Kc4 Bf8 51. Rg4 Rc1+ 52. Kd5
1-0

[Event "19th Open A"]
[Site "Zadar"]
[Date "2012.12.21"]
[Round "8.10"]
[White "Jakic, Ivan"]
[Black "Dizdarevic, Emir"]
[Result "1-0"]
[WhiteElo "2415"]
[BlackElo "2502"]
[PlyCount "95"]
[EventDate "2012.12.16"]
[EventRounds "9"]
[EventCountry "CRO"]
[Source "crochess.com"]
[SourceDate "2012.12.22"]

1. e4 c6 2. d4 d5 3. Nc3 dxe4 4. Nxe4 Nd7 5. Bc4 Ngf6 6. Ng5 e6 7. Qe2 Nb6 8.
Bb3 h6 9. N5f3 a5 10. a3 a4 11. Ba2 Be7 12. c3 c5 13. dxc5 Nbd7 14. Nd4 Nxc5
15. Ngf3 O-O 16. O-O b6 17. Nc6 Qe8 18. Nxe7+ Qxe7 19. Bf4 Ba6 20. Bc4 Bxc4 21.
Qxc4 Rfc8 22. Rad1 Qb7 23. Qd4 Nb3 24. Qd3 Qe4 25. Qxe4 Nxe4 26. Be5 Ra5 27.
Rfe1 Ng5 28. Nd2 Rb5 29. f4 Nxd2 30. Rxd2 Nh7 31. Re4 Ra5 32. Rb4 Nf8 33. Rxb6
g5 34. Bd6 Ng6 35. fxg5 hxg5 36. Rd4 e5 37. Rg4 f6 38. Bb4 Rd5 39. Rxf6 Kg7 40.
Rf5 Kh6 41. Rfxg5 Rd1+ 42. Kf2 Rc6 43. Rf5 Rd2+ 44. Ke3 Rxb2 45. h4 Nf4 46. Kf3
Ne6 47. Rf6+ Kh5 48. Rgg6 1-0

[Event "19th Open A"]
[Site "Zadar"]
[Date "2012.12.21"]
[Round "8.11"]
[White "Cebalo, Miso"]
[Black "Zelic, Mladen"]
[Result "1-0"]
[WhiteElo "2402"]
[BlackElo "2291"]
[PlyCount "152"]
[EventDate "2012.12.16"]
[EventRounds "9"]
[EventCountry "CRO"]
[Source "crochess.com"]
[SourceDate "2012.12.22"]

1. c4 f5 2. g3 Nf6 3. Bg2 g6 4. Nc3 Bg7 5. d3 O-O 6. e4 d6 7. Nge2 Nc6 8. O-O
e5 9. Nd5 Be6 10. Bg5 Qd7 11. Qd2 Nh5 12. exf5 Bxf5 13. b4 Rae8 14. b5 Nd8 15.
Bxd8 Qxd8 16. Nec3 Qc8 17. Rac1 Rf7 18. Ne4 Rd8 19. Qg5 Rdd7 20. c5 Qf8 21. Qh4
Bh6 22. Rc2 Be6 23. c6 bxc6 24. bxc6 Rd8 25. Nec3 Rb8 26. Re1 Bf5 27. Be4 Nf6
28. Nxf6+ Rxf6 29. Nd5 Rf7 30. Kg2 Kh8 31. Ree2 Rb1 32. Rb2 Rxb2 33. Rxb2 Bc1
34. Re2 Ba3 35. d4 g5 36. Qxg5 Bxe4+ 37. Rxe4 Rxf2+ 38. Kh3 Rxa2 39. Nf6 Rf2
40. Nd7 Qf5+ 41. Qxf5 Rxf5 42. dxe5 dxe5 43. Ra4 Bd6 44. Rxa7 Rf2 45. Ra4 Rc2
46. Rg4 Rf2 47. Re4 Rc2 48. Nxe5 Bxe5 49. Rxe5 Rxc6 50. Re7 Rc2 51. g4 c5 52.
Rc7 c4 53. Kg3 c3 54. h4 Rc1 55. Kf4 Rd1 56. Rxc3 Rd7 57. Kg5 Kg7 58. Rc5 Rf7
59. Rc6 Rd7 60. h5 Rd5+ 61. Kh4 Rd7 62. h6+ Kf7 63. Kh5 Rd5+ 64. g5 Rd7 65. Rc8
Rd1 66. Rh8 Rh1+ 67. Kg4 Rg1+ 68. Kf4 Rf1+ 69. Ke3 Kg6 70. Rg8+ Kh5 71. Ke4 Ra1
72. Rg7 Ra5 73. Kf4 Rb5 74. Rxh7 Rxg5 75. Rg7 Rg6 76. Kf5 Rxh6 1-0

[Event "19th Open A"]
[Site "Zadar"]
[Date "2012.12.21"]
[Round "8.12"]
[White "Kurajica, Bojan"]
[Black "Vlahov, Davor"]
[Result "1-0"]
[WhiteElo "2565"]
[BlackElo "2228"]
[PlyCount "123"]
[EventDate "2012.12.16"]
[EventRounds "9"]
[EventCountry "CRO"]
[Source "crochess.com"]
[SourceDate "2012.12.22"]

1. Nf3 Nf6 2. c4 c6 3. e3 d5 4. Nc3 e6 5. Qc2 Be7 6. d4 O-O 7. Bd3 Nbd7 8. O-O
dxc4 9. Bxc4 Nb6 10. Bd3 Nbd5 11. a3 Nxc3 12. bxc3 c5 13. e4 g6 14. Bh6 Re8 15.
Rfd1 cxd4 16. cxd4 Bd7 17. Ne5 Qa5 18. Bd2 Qd8 19. Qb2 Ba4 20. Rdb1 b6 21. Rc1
Rc8 22. Bh6 Rc7 23. Rxc7 Qxc7 24. Rc1 Qb7 25. d5 exd5 26. Ng4 Nh5 27. exd5 Bd7
28. h3 Qxd5 29. Bc4 Qd6 30. Qb3 Be6 31. Qa4 Rc8 32. Rd1 Qxa3 33. Qxa3 Bxa3 34.
Bxe6 fxe6 35. Rd7 a5 36. Be3 Bb2 37. Bxb6 a4 38. Nh6+ Kf8 39. Rf7+ Ke8 40. Ra7
a3 41. Nf7 Rc6 42. Be3 Nf6 43. Bf4 Nd7 44. Nd6+ Ke7 45. Nb5 e5 46. Bg5+ Ke6 47.
Nxa3 Bxa3 48. Rxa3 Kf5 49. h4 h5 50. Ra8 e4 51. Ra5+ Rc5 52. Ra6 Rd5 53. Kh2
Rd3 54. Ra5+ Ne5 55. Be3 Rd7 56. Kg3 Rd8 57. Bf4 Re8 58. Rb5 Re6 59. Bc1 Re8
60. Bb2 Re6 61. f4 exf3 62. gxf3 1-0

[Event "19th Open A"]
[Site "Zadar"]
[Date "2012.12.21"]
[Round "8.13"]
[White "Mazi, Leon"]
[Black "Videnova, Iva"]
[Result "1/2-1/2"]
[WhiteElo "2351"]
[BlackElo "2336"]
[PlyCount "129"]
[EventDate "2012.12.16"]
[EventRounds "9"]
[EventCountry "CRO"]
[Source "crochess.com"]
[SourceDate "2012.12.22"]

1. e4 c5 2. Nf3 d6 3. d4 cxd4 4. Nxd4 Nf6 5. Nc3 g6 6. Be3 Bg7 7. f3 Nc6 8. Qd2
O-O 9. g4 Be6 10. Nxe6 fxe6 11. O-O-O Ne5 12. Be2 Rc8 13. Kb1 Nc4 14. Bxc4 Rxc4
15. Ne2 Qc8 16. h4 Nd7 17. Rh3 Ne5 18. Nd4 Rxd4 19. Bxd4 Nxf3 20. Rxf3 Rxf3 21.
Bxg7 Kxg7 22. e5 Qc5 23. Qg5 Qxe5 24. Qxe5+ dxe5 25. Kc1 Rf4 26. g5 Kf7 27. Rd7
e4 28. Rxb7 e3 29. Kd1 a5 30. Ra7 Rf1+ 31. Ke2 Rf2+ 32. Kxe3 Rxc2 33. Rxa5 Rxb2
34. Ra4 Rh2 35. Rf4+ Ke8 36. a4 e5 37. Rb4 Rh3+ 38. Kd2 Kd7 39. Kc2 Kc6 40. Kb2
Rd3 41. a5 Rd5 42. a6 Ra5 43. Rb7 Rxa6 44. Rxe7 Kd5 45. Kc3 Ke4 46. Rxh7 Ke3
47. h5 Rc6+ 48. Kb3 gxh5 49. Rxh5 e4 50. Rh6 Rc5 51. g6 Kd3 52. g7 Rb5+ 53. Ka4
Rg5 54. Rd6+ Ke2 55. Rd7 e3 56. Kb4 Ke1 57. Kc4 e2 58. Kd3 Rg3+ 59. Kc2 Rg5 60.
Rc7 Rg6 61. Re7 Rc6+ 62. Kd3 Rd6+ 63. Ke4 Kd1 64. Kf5 Rd8 65. Kf6 1/2-1/2

[Event "19th Open A"]
[Site "Zadar"]
[Date "2012.12.21"]
[Round "8.14"]
[White "Petrusic, Toni"]
[Black "Ciganovic, Nikola"]
[Result "1/2-1/2"]
[WhiteElo "2246"]
[BlackElo "2303"]
[PlyCount "75"]
[EventDate "2012.12.16"]
[EventRounds "9"]
[EventCountry "CRO"]
[Source "crochess.com"]
[SourceDate "2012.12.22"]

1. e4 e5 2. Nf3 Nc6 3. Bc4 Nf6 4. d4 exd4 5. O-O Bc5 6. e5 d5 7. exf6 dxc4 8.
fxg7 Rg8 9. Re1+ Be6 10. Bg5 Be7 11. Bxe7 Qxe7 12. Nxd4 Rd8 13. c3 Nxd4 14.
cxd4 Rxg7 15. Nc3 c6 16. Re4 Kf8 17. Qf3 Rg6 18. Rae1 Qf6 19. Rf4 Qg7 20. g3
Rxd4 21. Qe3 Rxf4 22. Qxf4 Qf6 23. Qb8+ Kg7 24. Qxb7 Bh3 25. Re3 Qd4 26. Qe7
Be6 27. Qc7 Bd5 28. Qe5+ Qxe5 29. Rxe5 Rd6 30. f4 Be6 31. Kf2 f6 32. Re2 Bg4
33. Re7+ Kg6 34. Ke1 c5 35. Rxa7 Rb6 36. Na4 Rd6 37. Nc3 Rb6 38. Na4 1/2-1/2

[Event "19th Open A"]
[Site "Zadar"]
[Date "2012.12.21"]
[Round "8.15"]
[White "Schachinger, Mario"]
[Black "Ivic, Mateo"]
[Result "1-0"]
[WhiteElo "2426"]
[BlackElo "2285"]
[PlyCount "61"]
[EventDate "2012.12.16"]
[EventRounds "9"]
[EventCountry "CRO"]
[Source "crochess.com"]
[SourceDate "2012.12.22"]

1. e4 e5 2. Nf3 Nc6 3. Bb5 a6 4. Ba4 Nf6 5. d3 Bc5 6. c3 b5 7. Bb3 d6 8. a4 Bb7
9. O-O Bb6 10. axb5 axb5 11. Rxa8 Qxa8 12. Na3 Ba6 13. Bg5 Qd8 14. Nc2 h6 15.
Be3 Bxe3 16. Nxe3 O-O 17. Nh4 Na5 18. Ba2 b4 19. cxb4 Nc6 20. Ng6 Nxb4 21. Nxf8
Nxa2 22. Qb3 c5 23. Ne6 fxe6 24. Qxa2 Bxd3 25. Qxe6+ Kh8 26. Rd1 Bxe4 27. Rxd6
Qa8 28. Qxe5 c4 29. h3 Bd3 30. Ng4 Nxg4 31. hxg4 1-0

[Event "19th Open A"]
[Site "Zadar"]
[Date "2012.12.21"]
[Round "8.16"]
[White "Franic, Milan"]
[Black "Biliskov, Vjekoslav"]
[Result "1-0"]
[WhiteElo "2414"]
[BlackElo "2332"]
[PlyCount "105"]
[EventDate "2012.12.16"]
[EventRounds "9"]
[EventCountry "CRO"]
[Source "crochess.com"]
[SourceDate "2012.12.22"]

1. d4 Nf6 2. c4 c5 3. d5 g6 4. Nc3 Bg7 5. e4 d6 6. Nf3 O-O 7. Be2 e6 8. O-O
exd5 9. cxd5 a6 10. a4 Bg4 11. Nd2 Bxe2 12. Qxe2 Qc7 13. a5 Nbd7 14. Nc4 b5 15.
axb6 Nxb6 16. Na5 Rfe8 17. Qc2 Nfd7 18. Bf4 Ne5 19. Nd1 c4 20. Ra3 f5 21. exf5
gxf5 22. Qxf5 Nxd5 23. Bd2 Ne7 24. Qe6+ Kh8 25. Rg3 N7c6 26. Qd5 Nd4 27. Kh1
Nf5 28. Rh3 Rac8 29. Bc3 Qf7 30. Qxf7 Nxf7 31. g4 Nd4 32. Ne3 Re4 33. Naxc4 d5
34. Nb6 Rb8 35. Nbxd5 Ne2 36. Bxg7+ Kxg7 37. f3 Ra4 38. b4 a5 39. Re1 Ra2 40.
Nf5+ Kf8 41. Rxh7 axb4 42. Nd6 Ng5 43. Rh8+ Kg7 44. Rxb8 Nxf3 45. Rb7+ Kh8 46.
Nf7+ Kg8 47. Nf6+ Kf8 48. Nh7+ Kg8 49. Nh6+ Kh8 50. Kg2 Nxe1+ 51. Kf1 Nf3 52.
Nf6 Ng5 53. Nf5 1-0

[Event "19th Open A"]
[Site "Zadar"]
[Date "2012.12.22"]
[Round "9.6"]
[White "Jakovljevic, Vlado"]
[Black "Brkic, Ante"]
[Result "1/2-1/2"]
[WhiteElo "2404"]
[BlackElo "2583"]
[PlyCount "101"]
[EventDate "2012.12.16"]
[EventRounds "9"]
[EventCountry "CRO"]
[Source "crochess.com"]
[SourceDate "2012.12.22"]

1. Nf3 Nf6 2. c4 g6 3. d4 Bg7 4. g3 c5 5. Bg2 Qa5+ 6. Nbd2 cxd4 7. Nxd4 Nc6 8.
N4b3 Qa4 9. Nc5 Qxd1+ 10. Kxd1 O-O 11. Nd3 Rd8 12. Ne4 d6 13. Nxf6+ Bxf6 14.
Rb1 Be6 15. Bd5 Bxd5 16. cxd5 Ne5 17. Nxe5 dxe5 18. e4 e6 19. d6 Rac8 20. Be3
Rxd6+ 21. Ke2 Rc2+ 22. Kf3 a6 23. Rhc1 Rdc6 24. Rxc2 Rxc2 25. Rc1 Rxc1 26. Bxc1
Be7 27. Ke2 Kf8 28. f3 Ke8 29. a4 Kd7 30. Kd3 Kc6 31. Kc4 Bc5 32. Bd2 h5 33. h3
Bd4 34. b3 b5+ 35. axb5+ axb5+ 36. Kd3 Kc5 37. g4 f5 38. b4+ Kd6 39. Bg5 Bf2
40. Be3 Bh4 41. Ke2 Ke7 42. Bf2 Bxf2 43. Kxf2 Kf6 44. gxh5 g5 45. Kg3 Kg7 46.
Kh2 Kh6 47. Kg2 Kxh5 48. Kg3 Kg6 49. Kg2 Kh6 50. Kh2 Kh5 51. Kg3 1/2-1/2

[Event "19th Open A"]
[Site "Zadar"]
[Date "2012.12.22"]
[Round "9.8"]
[White "Zelcic, Robert"]
[Black "Cebalo, Miso"]
[Result "0-1"]
[WhiteElo "2560"]
[BlackElo "2402"]
[PlyCount "80"]
[EventDate "2012.12.16"]
[EventRounds "9"]
[EventCountry "CRO"]
[Source "crochess.com"]
[SourceDate "2012.12.22"]

1. e4 c5 2. Nf3 g6 3. d4 cxd4 4. Nxd4 Nc6 5. c4 Nf6 6. Nc3 Nxd4 7. Qxd4 d6 8.
Be2 Bg7 9. Be3 O-O 10. Qd2 a5 11. O-O a4 12. Rac1 Qa5 13. Qc2 Be6 14. Bd2 Rfc8
15. Nd5 Qd8 16. Bc3 b5 17. Nxf6+ Bxf6 18. cxb5 Bxa2 19. Qd2 Bxc3 20. Rxc3 Rxc3
21. Qxc3 Be6 22. h3 Bd7 23. e5 d5 24. Qd4 e6 25. Rc1 Qa5 26. Kh2 Rb8 27. Rc5
Qe1 28. Bd3 Qd2 29. Rc2 Qe1 30. Rc7 Be8 31. Qf4 Qa5 32. Qc1 Kg7 33. Rc5 Qb4 34.
Rc7 Qd4 35. Bf1 Qxf2 36. Rc3 Qf5 37. Re3 Qf4+ 38. g3 Qf2+ 39. Bg2 Rxb5 40. Rf3
Qe2 0-1

[Event "19th Open A"]
[Site "Zadar"]
[Date "2012.12.22"]
[Round "9.9"]
[White "Jovanovic, Zoran"]
[Black "Jakic, Ivan"]
[Result "1-0"]
[WhiteElo "2503"]
[BlackElo "2415"]
[PlyCount "81"]
[EventDate "2012.12.16"]
[EventRounds "9"]
[EventCountry "CRO"]
[Source "crochess.com"]
[SourceDate "2012.12.22"]

1. e4 e5 2. Nf3 Nc6 3. Bc4 Bc5 4. c3 Nf6 5. d3 d6 6. Bb3 a6 7. O-O Ba7 8. Be3
O-O 9. Nbd2 Ne7 10. Nh4 Bg4 11. Qe1 c6 12. Bxa7 Rxa7 13. f4 exf4 14. Rxf4 Be6
15. Qf2 Ra8 16. Rf1 d5 17. e5 Nh5 18. Rb4 b5 19. Bd1 a5 20. Rb3 Ng6 21. Nxg6
fxg6 22. Qxf8+ Qxf8 23. Rxf8+ Rxf8 24. g3 d4 25. Ra3 dxc3 26. Rxc3 Rd8 27. Kf2
Bd5 28. a4 bxa4 29. Bxa4 g5 30. Ke3 Re8 31. Kd4 Rd8 32. Nc4 g6 33. Nd6 Rb8 34.
Bxc6 Bxc6 35. Rxc6 Rxb2 36. Rc8+ Kg7 37. Rc7+ Kg8 38. e6 Rxh2 39. Rc8+ Kg7 40.
e7 Nf6 41. Rf8 1-0

[Event "19th Open A"]
[Site "Zadar"]
[Date "2012.12.22"]
[Round "9.11"]
[White "Dizdarevic, Emir"]
[Black "Schachinger, Mario"]
[Result "1/2-1/2"]
[WhiteElo "2502"]
[BlackElo "2426"]
[PlyCount "110"]
[EventDate "2012.12.16"]
[EventRounds "9"]
[EventCountry "CRO"]
[Source "crochess.com"]
[SourceDate "2012.12.22"]

1. Nf3 Nf6 2. g3 g6 3. Bg2 Bg7 4. b3 O-O 5. Bb2 c5 6. c4 Nc6 7. O-O d6 8. d4
Ne4 9. e3 Bg4 10. Qc2 Bf5 11. Qc1 Nb4 12. Ne1 cxd4 13. Bxd4 e5 14. Bb2 Nc5 15.
Nc3 Bd3 16. Nxd3 Nbxd3 17. Qc2 Nxb2 18. Qxb2 e4 19. Qd2 Qa5 20. Rac1 Bxc3 21.
Rxc3 Rfd8 22. Rd1 Qb4 23. Rc2 a5 24. Qd5 a4 25. bxa4 Qxa4 26. Rcd2 Qe8 27. Rd4
Qe6 28. Bxe4 Rxa2 29. Qg5 f6 30. Qh4 Kg7 31. Bg2 Qe5 32. Rd5 Qb2 33. g4 Ra1 34.
g5 fxg5 35. Qxg5 Rf8 36. Qh4 Ra2 37. Rf1 Qf6 38. Qg3 Ra6 39. h4 Re8 40. Rfd1
Ne4 41. Bxe4 Rxe4 42. Rxd6 Rxd6 43. Rxd6 Qxh4 44. Qxh4 Rxh4 45. f4 Rh3 46. Rd3
g5 47. fxg5 Kg6 48. Kf2 Rh2+ 49. Kf3 Rc2 50. Rb3 Rxc4 51. Rxb7 Rc5 52. e4 Rxg5
53. Kf4 Rc5 54. Rb6+ Kf7 55. e5 Rc1 1/2-1/2

[Event "19th Open A"]
[Site "Zadar"]
[Date "2012.12.22"]
[Round "9.12"]
[White "Videnova, Iva"]
[Black "Kreisl, Robert"]
[Result "1-0"]
[WhiteElo "2336"]
[BlackElo "2419"]
[PlyCount "141"]
[EventDate "2012.12.16"]
[EventRounds "9"]
[EventCountry "CRO"]
[Source "crochess.com"]
[SourceDate "2012.12.22"]

1. e4 c6 2. d4 d5 3. e5 Bf5 4. Nd2 e6 5. Nb3 Nd7 6. Nf3 a6 7. Be2 c5 8. dxc5
Bxc5 9. Nxc5 Nxc5 10. O-O Ne7 11. Nd4 Bg6 12. h4 h6 13. h5 Bh7 14. c3 Rc8 15.
Be3 Nd7 16. f4 Nf5 17. Nxf5 Bxf5 18. Bg4 Nc5 19. Bxf5 exf5 20. Bxc5 Rxc5 21.
Qd3 Qd7 22. Rad1 Qc8 23. Qf3 O-O 24. Rd4 b5 25. Rfd1 Rd8 26. Rxd5 Rcxd5 27.
Rxd5 Rxd5 28. Qxd5 Qc7 29. Kh2 Qb6 30. Qd4 Qe6 31. b3 Qe7 32. Kg3 Qc7 33. c4
bxc4 34. Qxc4 Qb7 35. e6 fxe6 36. Qxe6+ Kh8 37. Qxf5 Qb4 38. Qc8+ Kh7 39. Qxa6
Qe1+ 40. Kf3 Qc3+ 41. Kg4 Qd2 42. Qg6+ Kh8 43. Qe8+ Kh7 44. Qe4+ Kh8 45. a4
Qd1+ 46. Qf3 Qd7+ 47. f5 Qd4+ 48. Kh3 Qa1 49. g3 Kh7 50. Qd3 Kh8 51. Kg4 Qf6
52. a5 Qg5+ 53. Kf3 Qxh5+ 54. Kg2 Qe8 55. a6 Qc6+ 56. Kh2 Qb6 57. Kh3 h5 58.
Qe2 Qa5 59. Qxh5+ Kg8 60. Qe8+ Kh7 61. Qg6+ Kh8 62. Qe6 Qa1 63. Qe8+ Kh7 64.
Qh5+ Kg8 65. Qe2 Kh7 66. b4 Kh6 67. Kh2 Kg5 68. b5 Kxf5 69. b6 g5 70. a7 Qh8+
71. Kg1 1-0

[Event "19th Open A"]
[Site "Zadar"]
[Date "2012.12.22"]
[Round "9.13"]
[White "Franic, Milan"]
[Black "Petrusic, Toni"]
[Result "1-0"]
[WhiteElo "2414"]
[BlackElo "2216"]
[PlyCount "70"]
[EventDate "2012.12.16"]
[EventRounds "9"]
[EventCountry "CRO"]
[Source "crochess.com"]
[SourceDate "2012.12.22"]

1. d4 d5 2. c4 e6 3. Nc3 Be7 4. Nf3 Nf6 5. Bg5 O-O 6. e3 h6 7. Bxf6 Bxf6 8. Qb3
c6 9. Bd3 Nd7 10. Rd1 a6 11. O-O Qe7 12. cxd5 exd5 13. e4 dxe4 14. Nxe4 a5 15.
a3 a4 16. Qc2 Nb6 17. h3 Be6 18. Nc5 Bd5 19. Rfe1 Qc7 20. Ne5 Rfe8 21. Qc3 Re7
22. Bc2 Bxe5 23. dxe5 Nd7 24. Nxa4 Nxe5 25. Re3 Rae8 26. Rg3 f6 27. Rd4 Kf8 28.
Kh2 g5 29. Bf5 b6 30. Qc2 Bf7 31. Nc3 h5 32. h4 c5 33. Ra4 c4 34. Kh3 Ng4 35.
Rb4 Re1 1-0

[Event "19th Open B"]
[Site "Zadar"]
[Date "2012.12.16"]
[Round "1.1"]
[White "Glavan, Marko"]
[Black "Curic, Drazen"]
[Result "1/2-1/2"]
[WhiteElo "1981"]
[BlackElo "2293"]
[PlyCount "69"]
[EventDate "2012.12.16"]
[EventRounds "9"]
[EventCountry "CRO"]
[Source "crochess.com"]
[SourceDate "2012.12.22"]

1. e4 e5 2. Nf3 Nc6 3. Bb5 Nge7 4. O-O d6 5. d4 Bd7 6. d5 Nb8 7. Bxd7+ Nxd7 8.
c4 Ng6 9. Nc3 Be7 10. Be3 h6 11. Qd2 O-O 12. h3 Qe8 13. Qc2 Nf4 14. Ne2 Nxe2+
15. Qxe2 f5 16. exf5 Rxf5 17. Nh2 Qg6 18. Qg4 Qh7 19. b4 h5 20. Qe2 Qg6 21. Nf3
Raf8 22. Kh2 Qf7 23. Nd2 Bg5 24. Bxg5 Rxg5 25. Ne4 Rf5 26. Qe3 Nb6 27. Rac1 a6
28. Ng5 Qe7 29. Ne6 R8f6 30. Kg1 Rg6 31. Qe4 Rgf6 32. Qe3 Rf7 33. Rc3 Qh4 34.
g3 Qe7 35. h4 1/2-1/2

[Event "19th Open B"]
[Site "Zadar"]
[Date "2012.12.16"]
[Round "1.2"]
[White "Blazeka, Matej"]
[Black "Juras, Zvonko"]
[Result "1-0"]
[WhiteElo "2271"]
[BlackElo "1953"]
[PlyCount "71"]
[EventDate "2012.12.16"]
[EventRounds "9"]
[EventCountry "CRO"]
[Source "crochess.com"]
[SourceDate "2012.12.22"]

1. e4 e5 2. Nf3 Nc6 3. Bb5 a6 4. Ba4 Nf6 5. O-O Be7 6. Re1 b5 7. Bb3 d6 8. c3
O-O 9. h3 Na5 10. Bc2 c5 11. d3 h6 12. Nbd2 Nh7 13. d4 exd4 14. cxd4 Ng5 15. b3
cxd4 16. Bb2 Nc6 17. Nxd4 Nxd4 18. Bxd4 Bf6 19. Bxf6 Qxf6 20. Nf1 Bb7 21. Rc1
Rac8 22. Qd2 Rfd8 23. Bb1 Rxc1 24. Qxc1 Rc8 25. Qd2 Qc3 26. Qxc3 Rxc3 27. f3
Kf8 28. Kf2 a5 29. Rd1 Ke7 30. Ne3 a4 31. Nf5+ Kf6 32. bxa4 bxa4 33. Rxd6+ Ne6
34. f4 Kg6 35. e5 Kh7 36. Nd4+ 1-0

[Event "19th Open B"]
[Site "Zadar"]
[Date "2012.12.16"]
[Round "1.3"]
[White "Tomic Potrebujes, Zlatko"]
[Black "Pandurevic, Miro"]
[Result "0-1"]
[WhiteElo "1945"]
[BlackElo "2269"]
[PlyCount "60"]
[EventDate "2012.12.16"]
[EventRounds "9"]
[EventCountry "CRO"]
[Source "crochess.com"]
[SourceDate "2012.12.22"]

1. e4 c5 2. Nc3 e6 3. f4 a6 4. a4 Nc6 5. Nf3 d5 6. e5 Nh6 7. Be2 Nf5 8. O-O h5
9. Bd3 Be7 10. Bxf5 exf5 11. d4 Be6 12. Kh1 Qb6 13. Ne2 g6 14. c3 c4 15. Be3
Na5 16. Qc2 Nb3 17. Ra2 O-O 18. Nd2 Rfc8 19. Nc1 Na5 20. b4 cxb3 21. Ncxb3 Nc4
22. Nxc4 Rxc4 23. Nc5 Qc6 24. a5 Rd8 25. Rb1 Bxc5 26. dxc5 d4 27. Bg1 Rxc3 28.
Qd2 Bxa2 29. Qxa2 Rxc5 30. Rb3 Rc2 0-1

[Event "19th Open B"]
[Site "Zadar"]
[Date "2012.12.16"]
[Round "1.4"]
[White "Matko, Ognjen"]
[Black "Knezovic, Ivo"]
[Result "1-0"]
[WhiteElo "2243"]
[BlackElo "1942"]
[PlyCount "82"]
[EventDate "2012.12.16"]
[EventRounds "9"]
[EventCountry "CRO"]
[Source "crochess.com"]
[SourceDate "2012.12.22"]

1. d4 Nf6 2. c4 e6 3. Nc3 Bb4 4. Qc2 O-O 5. e4 d5 6. e5 Ne4 7. Bd3 f5 8. Nge2
Nc6 9. O-O Be7 10. a3 dxc4 11. Bxe4 fxe4 12. Qxe4 Na5 13. Be3 c6 14. Qg4 Qe8
15. Ne4 b5 16. Bg5 Kh8 17. Nf4 Nb7 18. Rae1 Bd7 19. Re3 Rf5 20. Rh3 Bxg5 21.
Nxg5 h6 22. Re1 Nd8 23. Ree3 Nf7 24. Ne4 Kg8 25. Nf6+ Rxf6 26. exf6 Ng5 27.
Rhg3 e5 28. Qd1 exf4 29. Rxe8+ Rxe8 30. Rc3 Ne4 31. Rc2 Nxf6 32. Re2 Rd8 33.
Re5 Be8 34. h3 Bg6 35. Qd2 Nd5 36. Qa5 Rd7 37. Re6 Ne7 38. Qe1 Kf8 39. Qe5 f3
40. Rxg6 Nxg6 41. Qf5+ Kg8 1-0

[Event "19th Open B"]
[Site "Zadar"]
[Date "2012.12.16"]
[Round "1.7"]
[White "Malesevic, Elvino"]
[Black "Medic, Miljenko"]
[Result "0-1"]
[WhiteElo "1924"]
[BlackElo "2231"]
[PlyCount "82"]
[EventDate "2012.12.16"]
[EventRounds "9"]
[EventCountry "CRO"]
[Source "crochess.com"]
[SourceDate "2012.12.22"]

1. e4 d6 2. d4 Nf6 3. Nc3 g6 4. g3 Bg7 5. Bg2 O-O 6. Nge2 e5 7. dxe5 dxe5 8.
Bg5 c6 9. Qxd8 Rxd8 10. h3 Na6 11. a3 Re8 12. O-O-O Nd7 13. h4 Ndc5 14. Be3 b5
15. h5 Ne6 16. hxg6 hxg6 17. Kb1 b4 18. axb4 Nxb4 19. Na2 Nxa2 20. Kxa2 a5 21.
Bh3 Rb8 22. f3 Re7 23. Nc1 Reb7 24. b3 a4 25. Rd3 c5 26. Rc3 Bf8 27. Rd1 Nd4
28. Bxc8 Rxc8 29. Bxd4 axb3+ 30. cxb3 Ra8+ 31. Kb2 cxd4 32. Rc4 Ba3+ 33. Kc2
Bxc1 34. Rxc1 Ra2+ 35. Kb1 Ra3 36. b4 Rb3+ 37. Ka2 R3xb4 38. Rxb4 Rxb4 39. Rc5
f6 40. f4 exf4 41. gxf4 d3 0-1

[Event "19th Open B"]
[Site "Zadar"]
[Date "2012.12.16"]
[Round "1.8"]
[White "Franciskovic, Borka"]
[Black "Klaric, Miro"]
[Result "1-0"]
[WhiteElo "2230"]
[BlackElo "1920"]
[PlyCount "69"]
[EventDate "2012.12.16"]
[EventRounds "9"]
[EventCountry "CRO"]
[Source "crochess.com"]
[SourceDate "2012.12.22"]

1. c4 c5 2. Nf3 Nc6 3. Nc3 g6 4. e3 Bg7 5. d4 d6 6. d5 Ne5 7. Nxe5 Bxe5 8. Be2
Nf6 9. O-O O-O 10. Bd2 Bxc3 11. Bxc3 Ne4 12. Be1 f5 13. Qc2 Qc7 14. Rd1 b6 15.
Bd3 Nf6 16. Bc3 Bd7 17. b3 Rad8 18. f3 Qc8 19. Qf2 Rf7 20. Qh4 Rdf8 21. h3 Qb7
22. e4 fxe4 23. fxe4 Be8 24. e5 dxe5 25. Bxe5 b5 26. Rf3 Nd7 27. Rxf7 Rxf7 28.
Bc3 b4 29. Bb2 Qa6 30. Bb1 Qd6 31. Re1 Nf8 32. Be5 Qa6 33. Rf1 Bd7 34. Rxf7
Kxf7 35. d6 1-0

[Event "19th Open B"]
[Site "Zadar"]
[Date "2012.12.16"]
[Round "1.10"]
[White "Fucak, Emilijo"]
[Black "Sljivar, Slavko"]
[Result "1-0"]
[WhiteElo "2222"]
[BlackElo "1916"]
[PlyCount "69"]
[EventDate "2012.12.16"]
[EventRounds "9"]
[EventCountry "CRO"]
[Source "crochess.com"]
[SourceDate "2012.12.22"]

1. e4 c5 2. Nc3 Nc6 3. Nge2 g6 4. g3 Bg7 5. Bg2 Nf6 6. O-O O-O 7. d3 d6 8. h3
Bd7 9. f4 a6 10. a4 Rb8 11. g4 b5 12. axb5 axb5 13. Ng3 e6 14. f5 exf5 15. exf5
b4 16. Nce2 Ne8 17. Kh1 Qh4 18. Ne4 Qd8 19. f6 Bh8 20. g5 Ne5 21. Bf4 Be6 22.
Bxe5 dxe5 23. Nxc5 Bc8 24. d4 Qb6 25. c4 Nd6 26. dxe5 Nxc4 27. Qd4 Be6 28. Nxe6
Qxe6 29. Nf4 Qxe5 30. Qxc4 Qxg5 31. Ne6 fxe6 32. Qxe6+ Rf7 33. Bd5 Rbf8 34.
Qxf7+ Rxf7 35. Ra8# 1-0